Auto, technology fundamentals series III / (Record no. 14491)
[ view plain ]
| 000 -LEADER | |
|---|---|
| fixed length control field | 00621nam a2200205Ia 4500 |
| 008 - FIXED-LENGTH DATA ELEMENTS--GENERAL INFORMATION | |
| fixed length control field | 210303s9999 xx 000 0 und d |
| 016 ## - NATIONAL BIBLIOGRAPHIC AGENCY CONTROL NUMBER | |
| Source | retro2021 |
| 020 ## - INTERNATIONAL STANDARD BOOK NUMBER | |
| ISBN | 9780303644 |
| 040 ## - CATALOGING SOURCE | |
| Original cataloging agency | NLN |
| Language of cataloging | English |
| 100 ## - MAIN ENTRY--AUTHOR | |
| Author | SALAMI, K.A. |
| Relator term | aut |
| 245 #0 - TITLE STATEMENT | |
| Title | Auto, technology fundamentals series III / |
| Statement of responsibility, etc | K.A. Salami |
| 260 ## - PUBLICATION, DISTRIBUTION, ETC. (IMPRINT) | |
| Place of publication | Ibadan, Oyo State ( Three Crowns Building, Jericho P.M.B. 5095 ) : |
| Name of publisher | University Press, |
| Date of publication | 2004 |
| 300 ## - COLLATION | |
| Pagination | xii, 139p. : |
| Other physical details | ill. ; 22cm. |
| 563 ## - BINDING INFORMATION | |
| Binding note | (pbk) |
| 650 ## - TRACINGS | |
| Main Subject | Automobiles |
| Subdivision (1st) | Maintenance and repairs |
| 942 ## - ADDED ENTRY ELEMENTS (KOHA) | |
| Item type | Books |
| 942 ## - ADDED ENTRY ELEMENTS (KOHA) | |
| Suppress in OPAC | No |
| 050 ## - LIBRARY OF CONGRESS CALL NUMBER | |
| Classification number | TL152 |
| Item number | .S159 |
| 082 ## - DEWEY DECIMAL CLASSIFICATION NUMBER | |
| Classification number | 629.2872 |
| Source of classification or shelving scheme | Not for loan | Home library | Current library | Date acquired | Full call number | Barcode. | Koha item type |
|---|---|---|---|---|---|---|---|
| Library of Congress Classification | IBADAN BRANCH LIBRARY | National Library of Nigeria | 04/03/2021 | TL152.S159 | 2023-1011424811 | Books |
